00803nam a2200241 i 45000010005000000030009000050050017000140070003000310080041000340800021000750800022000961000044001182450054001622500011002162600046002273000033002734900013003066510052003198300021003718520032003929990015004249520122004398080ES-MaACL20240929063107.0t|910624s1971 sp ||||1| spa d a9(46)"1870/1873" a323.272(44)"1871" aÁlvarez Junco, José,d1942-923753613aLa Comuna en España / cpor Jose Alvarez Junco. a1a ed. aMadrid : bSiglo XXI de España, c1971. aX, 252 p. : bil. ; c21 cm.1 aHistoria 4aEspaña-xHistoria-y1870-1873, Amadeo I982610 aHistoria9177536 aES-MaACLjC-38670 bR.75907 c8080d8080 00104070aATENEOMbATENEOMcDEPO2d2008-01-17eSCl0oC-38670p1008239r2023-02-23 00:00:00w2023-02-23yMONOGRAFIA